Tribhuvan University Central Library

Nepalma vyavasthapan ra karmachari prashasan: kehi siddhanta kehi vyavahar (Record no. 29540)

MARC details
000 -LEADER
fixed length control field 005950000a22002290004500
082 ## - DEWEY DECIMAL CLASSIFICATION NUMBER
Classification number N658
Item number Sr349n
-- N
041 ## - LANGUAGE CODE
Language code of text/sound track or separate title Nep
100 ## - MAIN ENTRY--PERSONAL NAME
Personal name Shrestha, Tej Prakash
245 ## - TITLE STATEMENT
Title Nepalma vyavasthapan ra karmachari prashasan: kehi siddhanta kehi vyavahar
260 ## - PUBLICATION, DISTRIBUTION, ETC. (IMPRINT)
Place of publication, distribution, etc Sonitpur
Name of publisher, distributor, etc Pratibharashmi Prakashan, Nepal
260 ## - PUBLICATION, DISTRIBUTION, ETC. (IMPRINT)
Date of publication, distribution, etc 2057 B.S.
300 ## - PHYSICAL DESCRIPTION
Extent 118p.
500 ## - GENERAL NOTE
General note Bibliography:p.117-118
518 ## - DATE/TIME AND PLACE OF AN EVENT NOTE
Date/time and place of an event note 20030530
530 ## - ADDITIONAL PHYSICAL FORM AVAILABLE NOTE
Additional physical form available note M
650 ## - SUBJECT ADDED ENTRY--TOPICAL TERM
Topical term or geographic name as entry element Management
650 ## - SUBJECT ADDED ENTRY--TOPICAL TERM
Topical term or geographic name as entry element Administration
650 ## - SUBJECT ADDED ENTRY--TOPICAL TERM
Topical term or geographic name as entry element Leadership
650 ## - SUBJECT ADDED ENTRY--TOPICAL TERM
Topical term or geographic name as entry element Planning
650 ## - SUBJECT ADDED ENTRY--TOPICAL TERM
Topical term or geographic name as entry element Personnel administration
942 ## - ADDED ENTRY ELEMENTS (KOHA)
Koha item type General Collections
Holdings
Withdrawn status Lost status Damaged status Not for loan Home library Current library Date acquired Total Checkouts Barcode Date last seen Price effective from
        Tribhuvan University Central Library Tribhuvan University Central Library 06/20/2010   124163 06/20/2010 06/20/2010